| 000 | 00571nam a2200193 a 4500 | ||
|---|---|---|---|
| 001 | 3162 | ||
| 003 | CDMR | ||
| 005 | 20131204102028.0 | ||
| 008 | 130130s1969||||||||||||||||||||||||||||d | ||
| 040 |
_aCDMR _bcat _cCDMR |
||
| 100 | 1 |
_aFagen, Richard R. _92303 |
|
| 245 | 1 | 0 |
_aPolítica y comunicación _cRichard R. Fagen |
| 260 |
_aBuenos Aires _c1969 _bPaidós |
||
| 300 |
_a179 p ; _c20 cm |
||
| 490 | 0 | _aBiblioteca de Psicología Social y Sociología | |
| 650 | 0 | 4 |
_92305 _aComunicació _xAspectes polítics |
| 650 | 0 | 4 |
_93324 _aComunicació en la política |
| 942 |
_cMON _2udc |
||
| 999 |
_c3162 _d3162 |
||